| Tag |
First Indicator |
Second Indicator |
Subfields |
| LEADER |
00000cam a22000008a 4500 |
| 001 |
in00004456521 |
| 005 |
20210818134936.0 |
| 008 |
861219s1987 nyua b 10110 eng d |
| 010 |
|
|
|a 86033709
|
| 020 |
|
|
|a 0845126539
|
| 035 |
|
|
|a (OCoLC)15054629
|
| 035 |
|
|
|9 AAA9294MS
|
| 035 |
|
|
|z (UtOrBLW)3679
|
| 035 |
|
|
|a 5537
|
| 040 |
|
|
|a DNLM/DLC
|c DLC
|d TMV
|d UtOrBLW
|
| 049 |
|
|
|a TMVM
|c 1
|
| 050 |
0 |
0 |
|a QR395
|b .U25 1986
|
| 059 |
|
|
|l MS/BOOK STKS
|v 6
|y 1
|z 6
|t BOOK
|k CIRCULATING
|i 323890027500$
|n NL
|a QW 168
|b U17 1986p
|
| 060 |
|
0 |
|a QW 168
|b U17p 1986
|
| 060 |
|
4 |
|a QW 168
|b U17 1986p
|
| 111 |
2 |
|
|a UCLA Symposium on Positive Strand RNA Viruses
|d (1986 April 20-26 :
|c Keystone, Colo.)
|
| 245 |
1 |
0 |
|a Positive strand RNA viruses :
|b proceedings of a UCLA Symposium held in Keystone, Colorado, April 20-26, 1986 /
|c editors, Margo A. Brinton, Roland R. Rueckert.
|
| 264 |
|
1 |
|a New York :
|b Liss,
|c [1987]
|
| 264 |
|
4 |
|c ©1987
|
| 300 |
|
|
|a xxii, 605 pages :
|b illustrations ;
|c 24 cm.
|
| 336 |
|
|
|a text
|2 rdacontent
|b txt
|
| 337 |
|
|
|a unmediated
|2 rdamedia
|
| 338 |
|
|
|a volume
|2 rdacarrier
|b nc
|
| 490 |
1 |
|
|a UCLA symposia on molecular and cellular biology ;
|v new ser., v. 54
|
| 504 |
|
|
|a Includes bibliographies and index.
|
| 650 |
|
2 |
|a RNA Viruses
|v Congresses.
|
| 700 |
1 |
|
|a Brinton, Margo A.
|
| 700 |
1 |
|
|a Rueckert, Roland R.
|
| 830 |
|
0 |
|a UCLA symposia on molecular and cellular biology ;
|v new ser., v. 54.
|
| 940 |
|
|
|a copy plain
|
| 999 |
|
|
|a MARS
|
| 999 |
f |
f |
|s 03ac1ca2-0e6e-3369-ae07-ec5f9bf40da5
|i fa10fea7-1fc7-30d6-814e-c88ca3f74d63
|t 0
|
| 952 |
f |
f |
|p ric
|a Texas A&M University
|b Rellis Campus
|c Joint Library Facility
|d Remote Storage
|t 0
|e QW 168 U17 1986p
|h National Library of Medicine classification
|i unmediated -- volume
|m 323890027500$
|
| 998 |
f |
f |
|a QW 168 U17 1986p
|t 0
|l Remote Storage
|